000 00629nam a2200193Ia 4500
003 GCL
008 140319s9999 xx 000 0 ara d
040 _aGCL /
_cGCL
082 0 4 _a382.0956
_bو ت
100 1 _aوديع سرايحة
245 1 0 _aتخطيط التجارة الخارجية (تجارب عربية) /
_cوديع سرايحة
260 _a[S.N] :
_bمعهد البحوث والدراسات العربية ،
_c1975
300 _a136 ص
490 _a
650 0 4 _aالعالم العربى
650 0 4 _aالاحوال الاقتصادية
650 0 4 _aالتجارة الخارجية
942 _2ddc
_cBK
999 _c32483
_d32483